| 000 | 00000nam##2200000za#4500 |
| 001 | 9.692336 |
| 003 | CaOODSP |
| 005 | 20250319162508 |
| 007 | cr ||||||||||| |
| 008 | 150407|2009||||xxc|||||o f|0| 0 eng|d |
| 020 | |a978-1-100-13078-1 |
| 040 | |aCaOODSP|beng |
| 043 | |an-cn--- |
| 086 | 1 |aA118-31/2009E-PDF |
| 110 | 1 |aCanada. |bAgriculture and Agri-Food Canada. |
| 245 | 14|aThe Advance Payments Program (APP) - cash advances for Canadian farmers |h[electronic resource] |
| 260 | |bAgriculture and Agri-Food Canada |c2009. |
| 300 | |a1p.|bphotographs |
| 590 | |a12-24-Supp|b2012-05-30 |
| 690 | 07|aAgricultural assistance|2gcpds |
| 775 | 08|tLe Programme de paiements anticipés (PPA) - Avances de fonds pour les agriculteurs canadiens |w(CaOODSP)9.636602 |
| 776 | 0#|tThe Advance Payments Program (APP) - cash advances for Canadian farmers |w(CaOODSP)9.671463 |
| 776 | 0#|tLe Programme de paiements anticipés (PPA) - avances de fonds pour les agriculteurs canadiens |w(CaOODSP)9.671464 |
| 856 | 40|ahttp://publications.gc.ca|qPDF|s207 KB|uhttps://publications.gc.ca/collections/collection_2011/agr/A118-31-2009-eng.pdf |